| 000 | 00790nam a2200253Ia 4500 | ||
|---|---|---|---|
| 003 | GCL | ||
| 008 | 140319s9999 xx 000 0 ara d | ||
| 040 |
_aGCL / _cGCL |
||
| 082 | 0 | 4 |
_a157.6 _bف س |
| 100 | 1 | _aفاروق سيد عبدالسلام | |
| 245 | 1 | 0 |
_aسيكولوجية الادمان / _cفاروق سيد عبدالسلام |
| 260 |
_aالقاهرة : _bعالم الكتب الحديث ، _c1977 |
||
| 300 |
_a419 ص ؛ _c24 سم |
||
| 650 | 0 | 4 | _aادمان المخدرات |
| 650 | 0 | 4 | _aعلم النفس |
| 650 | 0 | 4 | _aالطب النفسى |
| 650 | 0 | 4 | _aالحشيش |
| 650 | 0 | 4 | _aالافيون |
| 650 | 0 | 4 | _aالهيرويين |
| 650 | 0 | 4 | _aالمدمنون |
| 650 | 0 | 4 | _aالادمان |
| 650 | 0 | 4 | _aالادمان - سيكولوجية |
| 942 |
_2ddc _cBK |
||
| 999 |
_c32476 _d32476 |
||